000 00679cab a2200229 4500
001 ABS51426
008 090401t1994 xxu||||| |||| 00| 0 eng d
035 _a(Sirsi) u26088
041 _aeng
245 _aPrague market
260 _c1994
350 _a0
490 _aEstates News
_vSeptember/October 1994, 26-27(2)
520 _aComment on the Prague office and industrial property market.
650 _aINDUSTRIAL MARKET
650 _aPROPERTY-COMMERCIAL PROPERTY-OFFICE PROPERTY-OFFICE PROPERTY MARKET
650 _aPRAGUE
690 _aPROPERTY-COMMERCIAL PROPERTY-COMMERCIAL PROPERTY MARKET
690 _aOVERSEAS-EUROPE
942 _n0
948 _c04/03/1997
999 _c17508
_d17508